|
|
|
|
| LEADER |
00000nam0a2200000 4500 |
| 001 |
366473 |
| 005 |
20231102011903.0 |
| 035 |
|
|
|a (RuTPU)RU\TPU\retro\23836
|
| 035 |
|
|
|a RU\TPU\retro\23721
|
| 090 |
|
|
|a 366473
|
| 100 |
|
|
|a 20220209d1972 k y0rusy50 ca
|
| 101 |
0 |
|
|a rus
|
| 102 |
|
|
|a RU
|
| 105 |
|
|
|a a z 001zy
|
| 200 |
1 |
|
|a Обогащение калийных руд
|f Всесоюзный научно-исследовательский институт галургии (ВНИИГ) ; под ред. А. Н. Клемятова
|
| 210 |
|
|
|a Ленинград
|c Типография ВИР
|d 1972
|
| 215 |
|
|
|a 200 с.
|c черт.
|
| 225 |
1 |
|
|a Труды Всесоюзного научно-исследовательского института галургии (ВНИИГ)
|v Т. 57
|
| 320 |
|
|
|a Библиогр. в конце ст.
|
| 606 |
1 |
|
|a Водно-солевые системы
|2 stltpush
|3 (RuTPU)RU\TPU\subj\70581
|9 84800
|
| 610 |
1 |
|
|a калийные руды
|
| 610 |
1 |
|
|a Стебниковское месторождение
|
| 610 |
1 |
|
|a дробление
|
| 610 |
1 |
|
|a электрическое обесшламливание
|
| 610 |
1 |
|
|a электрическая сепарация
|
| 610 |
1 |
|
|a подготовка
|
| 610 |
1 |
|
|a самоизмельчение
|
| 610 |
1 |
|
|a раздельно-ступенчатая флотация
|
| 610 |
1 |
|
|a нерастворимые остатки
|
| 610 |
1 |
|
|a реагентные режимы
|
| 610 |
1 |
|
|a калийно-магниевые руды
|
| 610 |
1 |
|
|a пневматические флотомашины
|
| 610 |
1 |
|
|a новые реагенты
|
| 610 |
1 |
|
|a исследования
|
| 610 |
1 |
|
|a амины
|
| 610 |
1 |
|
|a гранулирование
|
| 610 |
1 |
|
|a слеживаемость
|
| 675 |
|
|
|a 546-38
|v 3
|
| 702 |
|
1 |
|a Клемятов
|b А. Н.
|4 340
|
| 712 |
0 |
2 |
|a Всесоюзный научно-исследовательский институт галургии (ВНИИГ)
|2 stltpush
|3 (RuTPU)RU\TPU\col\12235
|
| 801 |
|
1 |
|a RU
|b 63413507
|c 20141112
|
| 801 |
|
2 |
|a RU
|b 63413507
|c 20220209
|g RCR
|
| 942 |
|
|
|c BK
|